000 00755nam a2200229 a 4500
001 000024384
005 20240510192657.0
008 110126s1996 mx a r 000 | spa d
040 _aDO-SdBNP
_bspa
_cBNPHU
082 _a363.73
_bA197c
100 1 _aAdame Romero, Aurora
_950004
245 1 3 _aContaminación ambiental /
_cAurora Adame Romero, Daniel A. Salín Pascual.
260 _aMéxico, D. F. :
_bEditorial Trillas,
_c1996.
300 _a65 p. :
_bil. ;
_c27 cm.
500 _aIncluye referencias bibliográficas
650 4 _aContaminación
_910807
650 4 _aContaminación del suelo
_950005
650 4 _aContaminación de las aguas
_950006
650 0 _aMedio ambiente
_99250
700 1 _aDaniel A. Salín Pascual
_950007
049 _aBNRG
999 _c23877
_d23877